| 000 | 00717nam a2200253Ia 4500 | ||
|---|---|---|---|
| 003 | OSt | ||
| 005 | 20220918202614.0 | ||
| 006 | a|||||r|||| 00| 0 | ||
| 007 | ta | ||
| 008 | 220917b |||||||| |||| 00| 0 eng d | ||
| 024 | _a102,518 | ||
| 037 | _cTextual | ||
| 040 |
_aARTS _cARTS _beng |
||
| 041 |
_2eng _aeng |
||
| 082 | _aV2529.N3, M2 | ||
| 100 |
_aButter Donald _9104576 |
||
| 245 | 0 | _aTopography and statics of southern districts of Awadh | |
| 260 |
_aDelhi _bIdarah-I-Adabiyat-I Delli _c1839 |
||
| 490 | _aIBO oriental (reprint) series; 52 | ||
| 500 | _aFomerly published 1839 | ||
| 650 | _aHISTORY | ||
| 942 |
_hV2529.N3, M2 _cTEXL _2CC |
||
| 999 |
_c225972 _d225972 |
||